Statistiques concernant Taylor Swift - Paroles Monologue Song

Cliquez ici pour prendre le quiz!

Statistiques générales

  • Ce quiz a été pris 18 fois
  • Le résultat moyen est 184 sur 262

Statistiques - réponses

HintRéponse% Correct
Couplet 1 | Couplet 2I
100%
monologue
92%
monologue!
92%
my
92%
go
85%
he
85%
in
85%
In
85%
me
85%
that
85%
That
85%
the
85%
This
85%
about
77%
gonna
77%
(Silencieux)"Hi
77%
I'm
77%
is
77%
RefrainLa
77%
la
77%
la,
77%
not
77%
say
77%
(Silencieux)Taylor!"
77%
who
77%
But
69%
doing
69%
from
69%
ha,
69%
Ha
69%
ha
69%
Hey
69%
if
69%
like
69%
on
69%
So
69%
talk
69%
they're
69%
to
69%
Twilight
69%
up
69%
was
69%
with
69%
Couplet 4And
62%
and
62%
be
62%
Be
62%
broke
62%
cheat
62%
guy
62%
how
62%
I'd
62%
Joe
62%
Joe,
62%
Kanye
62%
might
62%
phone
62%
public
62%
real
62%
songs
62%
think
62%
well
62%
Couplet 3 | Couplet 5You
62%
ashamed
54%
dating
54%
got
54%
hosting
54%
musical
54%
SNL
54%
stage
54%
werewolf
54%
writing
54%
bad
46%
bring
46%
Cause
46%
I've
46%
names
46%
ran
46%
ruined
46%
their
46%
dresses
38%
glitter
38%
him
38%
mention
38%
more
38%
okay
38%
security
38%
Something
38%
sparkly
38%
there's
38%
things
38%
thing's
38%
Tonight
38%
VMA
38%
wondering
38%
you're
38%
comment
31%
every
31%
expecting
31%
lining
31%
nothing
31%
smell
31%
winter
31%
baking
23%
douch-bags
23%
into
23%
write
15%

Distribution des résultats

Percentile par nombre de réponses

% des personnes avec chaque résultat

Votre développement - résultats

Vous n’avez pas pris ce quiz